000 00511nam a2200217Ia 4500
003 OSt
005 20220918224946.0
006 a|||||r|||| 00| 0
007 ta
008 220917b |||||||| |||| 00| 0 eng d
024 _a235,418
037 _cTextual
040 _aARTS
_cARTS
_beng
041 _2eng
_aeng
082 _aT:895, M1
245 0 _aSuccesful supervision and inspection
260 _c1981
650 _aEDUCATION
942 _hT:895, M1
_cTEXL
_2CC
999 _c282771
_d282771